000 00541cam a2200181 a 4500
008 041028s1993 txu i 1 00eng d
035 _a(MSEA old Access rec no.)11618
035 _a(MSEA old Access item no.)C01057
040 _aDTL
_dDTL
082 0 4 _a225
100 1 _aDeibler, Ellis.
245 0 0 _aAn index of implicit information in the Gospels /
_cEllis Deibler..
250 _apreliminary ed.
260 _aDallas, Tex.:
_bs.n.,
_c1993
300 _a87 p.
630 0 0 _2Library of Congress
_aBible.
_nN.T.
_xIndexes.
942 _n0
999 _c63986
_d63960